| 000 | 01362nam2a2200241 4500 | ||
|---|---|---|---|
| 001 | RU\NLR\BIBL_A\016372661 | ||
| 005 | 20250625061307.0 | ||
| 035 | _a(NLR Aleph) 016372661 | ||
| 090 |
_a13187346 _c13187346 |
||
| 100 | _a20060620d1880 |||y0rusy50 ca | ||
| 101 | 0 | _arus | |
| 102 | _aRU | ||
| 105 | _ay z 000ay | ||
| 200 | 0 | _aТ. 9 | |
| 210 |
_d1880 _aБ. м. |
||
| 215 | _a[4], 352 с. | ||
| 327 | 1 | _aСодерж.: Стук... стук... стук! Студия; Вешние воды; Пунин и Бабурин; Часы; Сон; Рассказ отца Алексея | |
| 461 | 0 |
_1001v19\rc\1490849 _12001#$aСочинения И. С. Тургенева (1844-1868-1874-1880)$e[с портретом автора, гравированным на стали в Париже]$vТ. 9 _1700#1$aТургенев$bИ. С.$f1818-1883$gИван Сергеевич$3RU\NLR\AUTH\77102 _95567961 _aТургенев, И. С. (1818-1883) _cМосква _d1880 _nиздание Книжного магазина наследников братьев Салаевых _o[с портретом автора, гравированным на стали в Париже] _tСочинения И. С. Тургенева (1844-1868-1874-1880) _vТ. 9 |
|
| 852 |
_aNLR _j18.292.2.31(9) |
||
| 942 | _cBOOK | ||
| 980 | _aNB | ||